Microstates Quiz - Statistics

General Stats
  • This quiz has been taken 23 times
  • The average score is 31 of 53
Answer Stats
Area (km²) Country % Correct
61 San Marino
94%
34.000 San Marino
94%
0.44 Vatican City
94%
1.000 Vatican City
94%
468 Andorra
88%
77.000 Andorra
88%
2 Monaco
81%
40.000 Monaco
81%
160 Liechtenstein
75%
38.000 Liechtenstein
75%
316 Malta
75%
443.000 Malta
75%
21 Nauru
69%
11.000 Nauru
69%
702 Federated States of Micronesia
63%
116.000 Federated States of Micronesia
63%
726 Kiribati
63%
121.000 Kiribati
63%
459 Palau
63%
18.000 Palau
63%
200.000 Samoa
63%
710 Singapore
63%
26 Tuvalu
63%
12.000 Tuvalu
63%
430 Barbados
56%
288.000 Barbados
56%
344 Grenada
56%
113.000 Grenada
56%
261 Saint Kitts and Nevis
56%
54.000 Saint Kitts and Nevis
56%
539 Saint Lucia
56%
184.000 Saint Lucia
56%
747 Tonga
56%
107.000 Tonga
56%
389 Saint Vincent and the Grenadines
50%
111.000 Saint Vincent and the Grenadines
50%
314.000 Vanuatu
50%
442 Antigua and Barbuda
44%
99.000 Antigua and Barbuda
44%
397.000 Bahamas
44%
181 Marshall Islands
44%
60.000 Marshall Islands
44%
758 bahrain
38%
442.000 Brunei
38%
300 Maldives
38%
964 Sao Tome and Principe
38%
223.000 Sao tome and Principe
38%
452 Seychelles
38%
99.000 Seychelles
38%
751 Dominica
31%
72.000 dominica
31%
405.000 Belize
13%
343.000 Iceland
13%
No matching quizzes found
Score Distribution
Percent of People with Each Score
Percentile by Number Answered
Your Score History
You have not taken this quiz